000 00337nam a2200157Ia 4500
100 _aSrinivasan/V/ Chari/ S.N.
650 _aChemistry
942 _cBK
654 _aChemistry
245 _aApplied Chemistry II
260 _bNirali prakashan
_c1998
082 _a660
_bSRI/CHA
300 _a178
546 _aENGLISH
999 _c30230
_d30230